000 00344nam a2200133 i 4500
001 bg
100 1 _aOSTAPIUKOWA, Janina
245 0 _aNiektóre problemy trwałości budowli przemysłowych /
_cJanina Ostapiukowa.
260 _aSzczecin,
_c1976.
040 _cBPK
041 _apol
942 _cKS
008 s pl f |000 0 pol
999 _c27423
_d27423
856 _uhttp://koha.tu.koszalin.pl/cgi-bin/koha/opac-detail.pl?biblionumber=27423
_yKatalog online BPK